Glosario sobre Juan Ruiz : (Record n. 18601)

Dettagli MARC
000 -LEADER
fixed length control field 00623nam a2200193 i 4500
003 - CONTROL NUMBER IDENTIFIER
control field IT-RoINE
005 - DATE AND TIME OF LATEST TRANSACTION
control field 20170719054035.0
008 - FIXED-LENGTH DATA ELEMENTS--GENERAL INFORMATION
fixed length control field 900725s1929 sp r | spa d
040 ## - CATALOGING SOURCE
Original cataloging agency SpMaBN
Transcribing agency IT-RoINE
Modifying agency IT-RoINE
100 1# - MAIN ENTRY--PERSONAL NAME
Personal name Aguado, José María
9 (RLIN) 22613
245 10 - TITLE STATEMENT
Title Glosario sobre Juan Ruiz :
Remainder of title poeta castellano del Siglo XIV /
Statement of responsibility, etc José Maria Aguado
260 ## - PUBLICATION, DISTRIBUTION, ETC. (IMPRINT)
Place of publication, distribution, etc Madrid :
Name of publisher, distributor, etc Espasa-Calpe,
Date of publication, distribution, etc 1929.
300 ## - PHYSICAL DESCRIPTION
Extent 637 p. ;
Dimensions 24 cm.
336 ## - CONTENT TYPE
Source rdacontent
Content type term text
337 ## - MEDIA TYPE
Source rdamedia
Media type term unmediated
338 ## - CARRIER TYPE
Source rdacarrier
Carrier type term volume
600 14 - SUBJECT ADDED ENTRY--PERSONAL NAME
Personal name Ruiz, Juan,
Titles and other words associated with a name Arcipreste de Hita,
Dates associated with a name 1283-1350
General subdivision Lengua
9 (RLIN) 37062
942 ## - ADDED ENTRY ELEMENTS (KOHA)
Item type Monografías
Dati di copia
Withdrawn status Lost status Damaged status Not for loan Home library Current library Date acquired Total Checkouts Full call number Barcode Date last seen Price effective from Koha item type
        Iglesia Nacional Española en Roma Iglesia Nacional Española en Roma 19/07/2017   LEN.LIT 675 42533 19/07/2017 19/07/2017 Monografías